000 00689nam a2200205Ii 4500
003 JO-AjNU
008 230605s9999||||xx |||||||||||||| ||und||
040 _aJO-AjNU
_bara
_erda
_cJO-AjNU
041 _aara
050 1 4 _aPG3367.A7.T4 1987
100 3 _aتاليف تولستوي؛ ترجمة فوزي عطية؛ مراجعة سمية عفيفي,
_eauthor
_949390
245 0 0 _aجثة حيّة
264 3 1 _aالكويت:وزارة الاعلام,1987
300 _a156ص
336 _atext
_btxt
_2rdacontent
337 _aunmediated
_bn
_2rdamedia
338 _avolume
_bnc
_2rdacarrier
490 0 _aمن المسرح العالمي
650 4 _aمسرحية-جثة حيّة
_949391
999 _aA21690
_c25258
_d25258